00692cam a22002051 450000100060000000300080000600500170001400800390003103500190007004000270008904100080011608200240012424500690014826000300021730000310024750001390027850400200041765000260043770000230046312685BD-RjUL20211208235336.0140129t1957 nyua 001 0 eng a(BD-RjUL)12735 aDLC/ICUcICUdDLCbeng aeng00223a620.1bSCI 195714aThe science of engineering materials /cedited by J. E. Goldman. aNew York :bWiley,cc1957 a528 p. :billus. ;c24 cm. a"A series of lectures ... based on the Proceedings of the Carnegie conference held at Carnegie Institute of Technology in June, 1954." aincludes index. aEngineering materials1 aGoldman, Jacob E.,